| 000 | 00542cam a2200193ua 4500 | ||
|---|---|---|---|
| 020 | _c3.00 | ||
| 041 |
_aeng _h |
||
| 082 |
_a828.09 _bTHE/IN |
||
| 100 | _aThe indian association for , english studies . | ||
| 245 |
_aIndian journal of English studies Vol-l / _cThe indian association for english studies. _hTextual Documents |
||
| 260 |
_aBombay : _borient longmans , _c1961. |
||
| 300 |
_a147 ; _e`. |
||
| 365 | _a3.00 | ||
| 504 | _a | ||
| 942 | _cBK | ||
| 999 |
_c11891 _d11891 |
||